International Business English (Бичлэгийн дугаар. 146145)
| 000 -УДИРДЛАГА | |
|---|---|
| Удирдлага | 00667nam a22002417a 4500 |
| 003 - ХЯНАЛТЫН ТОО ТОДОРХОЙЛОГЧ | |
| Код | MN-UlNUM |
| 005 - БИЧИЛТ ХИЙСЭН ОГНОО | |
| Тухайн бичилтийг бичсэн засварласан сүүлийн огноо | 20260109142139.0 |
| 008 - ЕРӨНХИЙ МЭДЭЭЛЭЛ | |
| Ерөнхий мэдээлэл | 260109s1989 nyu||||| |||| 00| 0 eng | |
| 040 ## - БИЧЛЭГ ҮҮСГЭГЧ БАЙГУУЛЛАГА | |
| Бичлэг үүсгэгч номын сангийн код | МУИС-ийн номын сан |
| 084 ## - ББК АНГИЛАЛ | |
| Нэмэлт тусгалт | Бусад |
| ББК ангилал | 65.290-2 |
| Зохиогчийн гурван тэмдэгт | L 55 |
| Мэдлэгийн ялгаа | 65 - Эдийн засаг |
| 100 1# - ЗОХИОГЧ | |
| Зохиогчийн нэр | Leo Jones Richard Alexander |
| 245 ## - ҮНДСЭН ГАРЧИГ | |
| Номын нэр | International Business English |
| Бага гарчгийн мэдээ | Communication skills in English for business purposes |
| 260 ## - ГАРАЛТЫН МЭДЭЭ | |
| Хэвлэгдсэн газар | New York: |
| Хэвлэлийн газар | Sydney, |
| Хэвлэгдсэн он | 1989 |
| 300 ## - МАТЕРИАЛЫН ТОДОРХОЙЛОЛТ | |
| хуудасны тоо | 234p. : |
| 500 ## - Тайлбар | |
| Дансны дугаар | БС 4915 |
| 546 ## - ХЭЛНИЙ ТУХАЙ МЭДЭЭ | |
| Хэл | Англи хэл дээр, |
| 740 ## - НОМЫН ГАРЧИГ | |
| Гарчиг | Face to face |
| 740 ## - НОМЫН ГАРЧИГ | |
| Гарчиг | Letters, telexes and memos |
| 740 ## - НОМЫН ГАРЧИГ | |
| Гарчиг | On the phone |
| 740 ## - НОМЫН ГАРЧИГ | |
| Гарчиг | Reports and summaries |
| 942 ## - ЭЛЕМЕНТИЙН ТӨРӨЛ | |
| Зүйлийн төрөл | Ном |
